00489nam a2200109Ia 4500008004100000020001800041245011800059260002200177650012100199650001400320856004500334171212s9999 xx 000 0 und d a9781921862779 ceditor Drahos, Peter;Frankel, SusyaIndigenous Peoples' InnovationbIntellectual Property Pathways to Development bANU E Pressc2012 aEthnoscience; Traditional ecological knowledge; Intellectual property; Indigenous peoples -- Legal status, laws, etc aSociology uwww.jstor.org/stable/10.2307/j.ctt24hfgx